Physics : foundations and applications (Record no. 33557)

MARC details
000 -LEADER
fixed length control field 00436nam a2200181Ia 4500
020 ## - INTERNATIONAL STANDARD BOOK NUMBER
ISBN 0070191107
050 ## - CALL MARK
Classification number QC 21 .2 .E37/
100 ## - STATEMENT OF RESPONSIBILITY--MAIN AUTHOR NAME
Personal name Eisberg, Robert M.
245 #0 - TITLE STATEMENT
Title Physics : foundations and applications
260 ## - PUBLICATION, DISTRIBUTION, ETC. (IMPRINT)
Place of publication New York
260 ## - PUBLICATION, DISTRIBUTION, ETC. (IMPRINT)
Name of publisher McGraw-Hill Book Company
260 ## - PUBLICATION, DISTRIBUTION, ETC. (IMPRINT)
Year of publication c1981
300 ## - PHYSICAL DESCRIPTION
Number of Pages 526 p
650 ## - SUBJECT ADDED ENTRY--TOPICAL TERM
Topical Term Fizik
942 ## - ADDED ENTRY ELEMENTS (KOHA)
Koha item type Books
Holdings
Withdrawn status Lost status Source of classification or shelving scheme Damaged status Not for loan Permanent Location Current Location Date acquired Accession Number Price effective from Koha item type
    Library of Congress Classification     NILE UNIVERSITY OF NIGERIA - MAIN LIBRARY NILE UNIVERSITY OF NIGERIA - MAIN LIBRARY 04/23/2025 0010511 04/23/2025 Books